|
|
|
|
| LEADER |
01056nam a2200265 a 4500 |
| 001 |
3209570 |
| 008 |
091221s1979 onc b 001 0 eng d |
| 010 |
|
|
|a 78012986
|
| 020 |
|
|
|a 0802054374 :
|c $15.00.
|
| 020 |
|
|
|a 0802063519
|b pbk. :
|c $6.50
|
| 040 |
|
|
|a DLC
|c DLC
|d DLC
|d BD-DhAAL
|
| 082 |
0 |
0 |
|a 309.2/6
|2 19
|
| 100 |
1 |
|
|a Roberts, Hayden,
|d 1922-
|
| 245 |
1 |
0 |
|a Community development ; learning and action /
|c Hayden Roberts.
|
| 260 |
|
|
|a Toronto ;
|a Buffalo :
|b University of Toronto Press,
|c c1979.
|
| 300 |
|
|
|a xvi, 201 p. ;
|c 23 cm.
|
| 490 |
0 |
|
|a Canadian University paperbooks ; 224
|
| 504 |
|
|
|a Includes bibliography: p. [189]-197.
|
| 541 |
1 |
|
|e 00003471
|
| 651 |
|
0 |
|a Developing countries
|x Social conditions.
|
| 650 |
|
0 |
|a Community development.
|
| 650 |
|
0 |
|a Adult education.
|
| 852 |
4 |
|
|a Ayesha Abed Library
|j General Shelf.
|
| 999 |
|
|
|c 6331
|d 6331
|
| 952 |
|
|
|0 0
|1 0
|2 ddc
|4 0
|6 309_260000000000000_ROB_1979
|7 0
|9 6381
|a BRACUL
|b BRACUL
|c GEN
|d 2009-12-23
|g 0.00
|l 0
|o 309.26 ROB
|p 3010003471
|r 2009-12-23
|t 1
|w 2009-12-23
|y BK
|x No price found in the accession register.
|